Refutación que don Francisco de Paula Ferrer de esta vecindad hace al libelo infamatorio, que con el título manifiesto ha abortado la vil pluma del licenciado D. Francisco Sánchez y Carreño... como reo prófugo, pregonado por edictos. (Record no. 54033)

MARC details
000 -LEADER
campo de control de longitud fija 00999nam a2200229 i 4500
001 - NÚMERO DE CONTROL
campo de control 54033
003 - IDENTIFICADOR DE NÚMERO DE CONTROL
campo de control ES-MaACL
005 - FECHA Y HORA DE LA ÚLTIMA TRANSACCIÓN
campo de control 20230906162859.0
007 - CAMPO FIJO DE DESCRIPCIÓN FÍSICA--INFORMACIÓN GENERAL
campo de control de longitud fija t|
008 - DATOS DE LONGITUD FIJA--INFORMACIÓN GENERAL
campo de control de longitud fija 960710s1840 sp ||||1| spa d
080 ## - NÚMERO DE LA CLASIFICACIÓN DECIMAL UNIVERSAL
Número de la Clasificación Decimal Universal 929 Ferrer, Francisco de Paula
080 ## - NÚMERO DE LA CLASIFICACIÓN DECIMAL UNIVERSAL
Número de la Clasificación Decimal Universal 929 Sánchez y Carreño, Francisco
100 1# - ENTRADA PRINCIPAL--NOMBRE DE PERSONA
Nombre de persona Ferrer, Francisco de Paula.
9 (RLIN) 50417
245 10 - MENCIÓN DEL TÍTULO
Título Refutación que don Francisco de Paula Ferrer de esta vecindad hace al libelo infamatorio, que con el título manifiesto ha abortado la vil pluma del licenciado D. Francisco Sánchez y Carreño... como reo prófugo, pregonado por edictos.
260 ## - PUBLICACIÓN, DISTRIBUCIÓN, ETC.
Lugar de publicación, distribución, etc. Madrid :
Nombre del editor, distribuidor, etc. [s.n.],
Fecha de publicación, distribución, etc. 1840 (
Fabricante Estab. Tip. Calle del Sordo, n. 11)
300 ## - DESCRIPCIÓN FÍSICA
Extensión 18 p. ;
Dimensiones 20 cm.
530 ## - NOTA DISPONIBLE DE FORMULARIO FÍSICO ADICIONAL
Nota de formato físico adicional disponible Disponible en formato digital.
600 14 - PUNTO DE ACCESO ADICIONAL DE MATERIA--NOMBRE DE PERSONA
Nombre de persona Ferrer, Francisco de Paula.
9 (RLIN) 50417
600 14 - PUNTO DE ACCESO ADICIONAL DE MATERIA--NOMBRE DE PERSONA
Nombre de persona Sánchez y Carreño, Francisco.
9 (RLIN) 102991
852 4# - LOCALIZACIÓN
Ubicación ES-MaACL
Número de control de estantería T-12-F-10
856 4# - LOCALIZACIÓN Y ACCESO ELECTRÓNICOS
Identificador Uniforme de Recursos <a href="http://bdh-rd.bne.es/viewer.vm?id=0000131168&page=1 ">http://bdh-rd.bne.es/viewer.vm?id=0000131168&page=1 </a>
Nota pública Biblioteca Digital Hispánica
Holdings
Estatus retirado Estado de pérdida Estado de daño No para préstamo Colección Biblioteca de origen Biblioteca actual Ubicación en estantería Fecha de adquisición Fuente de adquisición Total de préstamos Signatura topográfica completa Código de barras Visto por última vez Precio de reemplazo Tipo de ítem Koha
        Colección de folletos Biblioteca del Ateneo de Madrid Biblioteca del Ateneo de Madrid Depósito folletos 17/01/2008     T-12-F-10 1056787 23/02/2023 23/02/2023 Folleto